000 00432nam a2200181Ia 4500
005 20251020182529.0
008 200515s9999 xx 000 0 und d
082 _a696.6/L22
100 _aLAMBERT, Charles
245 0 _aInstalaciones eléctricas en la vivienda
260 _aBarcelona
260 _c1976
500 _a1 ejemplar
650 _aINSTALACIONES ELECTRICAS
650 _aLIB
650 _aVIVIENDAS
942 _cLIB
999 _c2021
_d2021